Government assistance in eighteenth-century France /

Bibliographic Details
Main Author: McCloy, Shelby T. (Shelby Thomas), 1898-1973
Format: Book
Language:English
Published: Durham, N. C. : Duke University Press, 1946.
Series:Duke University publications.
Subjects:

MARC

Tag First Indicator Second Indicator Subfields
LEADER 00000cam a2200000 4500
001 in00000056248
005 20200328063033.0
008 750414s1946 ncu b 00000 eng u
010 |a  46001596  
035 |a (OCoLC)01276432 
035 |9 AAH3204AM 
040 |c GWC  |d TXA  |d UtOrBLW 
049 |a TXAM  |c [223775] 
050 0 |a HV265  |b .M3 
082 0 |a 360.944 
092 |a 360.944  |b M127g 
100 1 |a McCloy, Shelby T.  |q (Shelby Thomas),  |d 1898-1973. 
245 1 0 |a Government assistance in eighteenth-century France /  |c by Shelby T. McCloy ... 
264 1 |a Durham, N. C. :  |b Duke University Press,  |c 1946. 
300 |a xi, 496 pages ;  |c 23 cm. 
336 |a text  |b txt  |2 rdacontent 
337 |a unmediated  |b n  |2 rdamedia 
338 |a volume  |b nc  |2 rdacarrier 
490 1 |a Duke University publications 
504 |a Bibliography : pages [468]-484. 
650 0 |a Public welfare  |z France  |x History. 
830 0 |a Duke University publications. 
999 |a MARS 
999 f f |s 4f345393-57f7-3871-9da6-63137509c2e0  |i 245ce6b9-52c0-3fc3-81e4-479ebf56de7c  |t 0